000 00433nam a22001697a 4500
005 20180221111443.0
008 160518b xxu||||| |||| 00| 0 eng d
020 _a978-81-317-1173-6
041 _aeng
082 _b2794
_a174.4
100 _aFernando A.C.
_9738
245 _aBusiness Ethics an Indian Perspective
260 _aNew Delhi
_bPrentice hall of India,
_c2009
300 _a479
650 _aManagement
_9241
942 _cBK
999 _c993
_d993